000 00494nam a2200145 a 4500
001 000044686
005 20240313073819.0
008 141216s2013 dr c 000 0 spa d
040 _aDO-SdBNP
_bspa
_cBNPHU
111 2 _aFestival de cine global dominicano
_n7:
_b2013: 12-20 de nov.
_972683
245 1 0 _a7mo. Festival de Cine Global Dominicano.
260 _aSanto Domingo, :
_bFUNGLODE,
_c2013.
300 _a23 p. :
_bretr. ;
_c22 cm.
710 2 _aFundación Global Democracía y Desarrollo
_925477
999 _c44175
_d44175